[Event "Russian Rapid Championship (w)"]
[Site "Sochi"]
[Date "2022.10.15"]
[Round "3.7"]
[White "Loskutova, Viktoriya"]
[Black "Solozhenkina, Elizaveta"]
[Result "1-0"]
[BlackElo "2195"]
[WhiteElo "2027"]
[LiveChessVersion "1.4.8"]

1. e4 {[%clk 0:15:19]} e6 {[%clk 0:15:18]} 2. d4 {[%clk 0:15:28]} d5
{[%clk 0:15:27]} 3. Nd2 {[%clk 0:15:36]} Be7 {[%clk 0:15:36]} 4. Ngf3
{[%clk 0:15:40]} Nf6 {[%clk 0:15:42]} 5. e5 {[%clk 0:15:41]} Nfd7
{[%clk 0:15:51]} 6. c3 {[%clk 0:15:47]} c5 {[%clk 0:15:58]} 7. Bd3
{[%clk 0:15:47]} b6 {[%clk 0:15:58]} 8. O-O {[%clk 0:15:52]} Ba6 {[%clk 0:15:57]}
9. Bxa6 {[%clk 0:15:59]} Nxa6 {[%clk 0:16:05]} 10. Re1 {[%clk 0:15:12]} O-O
{[%clk 0:16:10]} 11. Nf1 {[%clk 0:15:19]} b5 {[%clk 0:15:17]} 12. Ng3
{[%clk 0:12:11]} Nc7 {[%clk 0:14:27]} 13. Nh5 {[%clk 0:11:26]} a5
{[%clk 0:13:03]} 14. Qd2 {[%clk 0:10:29]} c4 {[%clk 0:09:42]} 15. Qf4
{[%clk 0:10:20]} f5 {[%clk 0:09:26]} 16. exf6 {[%clk 0:10:15]} Nxf6
{[%clk 0:09:33]} 17. Nxf6+ {[%clk 0:09:48]} Rxf6 {[%clk 0:09:11]} 18. Qg4
{[%clk 0:09:20]} b4 {[%clk 0:07:41]} 19. Ne5 {[%clk 0:08:41]} Ra6
{[%clk 0:07:27]} 20. Re3 {[%clk 0:07:24]} Ne8 {[%clk 0:04:11]} 21. Rg3
{[%clk 0:05:07]} Rf5 {[%clk 0:03:55]} 22. Qe2 {[%clk 0:04:17]} a4
{[%clk 0:03:01]} 23. Ng4 {[%clk 0:02:58]} Kh8 {[%clk 0:03:02]} 24. Re3
{[%clk 0:02:54]} Nc7 {[%clk 0:01:31]} 25. Re5 {[%clk 0:02:51]} Bd6
{[%clk 0:00:55]} 26. Rxf5 {[%clk 0:02:51]} exf5 {[%clk 0:01:04]} 27. Ne5
{[%clk 0:02:47]} Bxe5 {[%clk 0:00:30]} 28. dxe5 {[%clk 0:02:55]} bxc3
{[%clk 0:00:22]} 29. bxc3 {[%clk 0:03:04]} Qe7 {[%clk 0:00:29]} 30. Rb1
{[%clk 0:03:10]} h6 {[%clk 0:00:37]} 31. f4 {[%clk 0:02:58]} a3 {[%clk 0:00:36]}
32. Be3 {[%clk 0:03:04]} Qd7 {[%clk 0:00:37]} 33. Qc2 {[%clk 0:02:55]} Ra8
{[%clk 0:00:42]} 34. Rb6 {[%clk 0:02:47]} Ra6 {[%clk 0:00:39]} 35. Rb7
{[%clk 0:02:36]} Qc8 {[%clk 0:00:33]} 36. Qb1 {[%clk 0:02:43]} Ra8
{[%clk 0:00:31]} 37. Qb6 {[%clk 0:02:10]} Ne6 {[%clk 0:00:39]} 38. Re7
{[%clk 0:01:56]} Nf8 {[%clk 0:00:28]} 39. Qb7 {[%clk 0:01:27]} Qxb7
{[%clk 0:00:24]} 40. Rxb7 {[%clk 0:01:35]} Ne6 {[%clk 0:00:28]} 41. Rb6
{[%clk 0:01:43]} Nc7 {[%clk 0:00:33]} 42. Bc5 {[%clk 0:01:46]} Kg8
{[%clk 0:00:27]} 43. g3 {[%clk 0:01:46]} Rc8 {[%clk 0:00:19]} 44. Rc6
{[%clk 0:01:33]} Rb8 {[%clk 0:00:13]} 45. Rxc7 {[%clk 0:01:41]} Rb1+
{[%clk 0:00:21]} 46. Kg2 {[%clk 0:01:50]} Rb2+ {[%clk 0:00:30]} 47. Kh3
{[%clk 0:01:59]} Rxa2 {[%clk 0:00:39]} 48. Ra7 {[%clk 0:02:03]} d4
{[%clk 0:00:48]} 49. Rxa3 {[%clk 0:02:03]} Rxa3 {[%clk 0:00:51]} 50. Bxa3
{[%clk 0:02:11]} d3 {[%clk 0:01:00]} 51. Bc1 {[%clk 0:02:20]} 1-0

[Event "Russian Rapid Championship (w)"]
[Site "Sochi"]
[Date "2022.10.15"]
[Round "3.8"]
[White "Chernyak, Viktoria"]
[Black "Nur-Mukhametova, Alisa"]
[Result "1/2-1/2"]
[BlackElo "2052"]
[WhiteElo "2152"]
[LiveChessVersion "1.4.8"]

1. c4 {[%clk 0:15:19]} e5 {[%clk 0:15:15]} 2. Nc3 {[%clk 0:15:27]} d6
{[%clk 0:15:18]} 3. g3 {[%clk 0:15:25]} f5 {[%clk 0:15:26]} 4. Bg2
{[%clk 0:15:27]} Nf6 {[%clk 0:15:34]} 5. e4 {[%clk 0:14:30]} Nc6 {[%clk 0:15:26]}
6. Nge2 {[%clk 0:14:27]} Be7 {[%clk 0:14:52]} 7. d4 {[%clk 0:13:21]} exd4
{[%clk 0:13:58]} 8. Nxd4 {[%clk 0:13:27]} Nxd4 {[%clk 0:12:44]} 9. Qxd4
{[%clk 0:13:34]} fxe4 {[%clk 0:12:48]} 10. Nxe4 {[%clk 0:13:31]} O-O
{[%clk 0:12:53]} 11. O-O {[%clk 0:13:30]} Nxe4 {[%clk 0:11:48]} 12. Bxe4
{[%clk 0:12:43]} Bf6 {[%clk 0:11:51]} 13. Qd3 {[%clk 0:12:47]} h6
{[%clk 0:10:45]} 14. Qd5+ {[%clk 0:12:37]} Kh8 {[%clk 0:10:45]} 15. Bc2
{[%clk 0:11:35]} Be5 {[%clk 0:10:04]} 16. f4 {[%clk 0:11:05]} c6 {[%clk 0:09:41]}
17. Qg2 {[%clk 0:08:45]} Bd4+ {[%clk 0:09:34]} 18. Kh1 {[%clk 0:08:52]} Qf6
{[%clk 0:08:35]} 19. Rb1 {[%clk 0:08:56]} Be6 {[%clk 0:08:23]} 20. b3
{[%clk 0:03:54]} d5 {[%clk 0:07:40]} 21. cxd5 {[%clk 0:03:32]} Bxd5
{[%clk 0:07:25]} 22. Be4 {[%clk 0:03:41]} Bxe4 {[%clk 0:06:58]} 23. Qxe4
{[%clk 0:03:49]} Rfe8 {[%clk 0:07:04]} 24. Qf3 {[%clk 0:03:57]} Rad8
{[%clk 0:06:29]} 25. Bd2 {[%clk 0:03:58]} Qf5 {[%clk 0:05:40]} 26. Rbc1
{[%clk 0:01:12]} Bb2 {[%clk 0:05:26]} 27. Rcd1 {[%clk 0:01:21]} Qd5
{[%clk 0:03:39]} 28. Qxd5 {[%clk 0:01:14]} Rxd5 {[%clk 0:03:38]} 29. Bb4
{[%clk 0:00:42]} Re4 {[%clk 0:02:50]} 30. Rxd5 {[%clk 0:00:28]} cxd5
{[%clk 0:02:57]} 31. Bc5 {[%clk 0:00:36]} b6 {[%clk 0:02:21]} 32. Bg1
{[%clk 0:00:45]} d4 {[%clk 0:01:06]} 33. Rd1 {[%clk 0:00:48]} Bc3
{[%clk 0:01:15]} 34. h3 {[%clk 0:00:29]} Kg8 {[%clk 0:01:18]} 35. Kg2
{[%clk 0:00:36]} Re2+ {[%clk 0:00:43]} 36. Kf3 {[%clk 0:00:45]} Rxa2
{[%clk 0:00:37]} 37. Bxd4 {[%clk 0:00:54]} Bxd4 {[%clk 0:00:23]} 38. Rxd4
{[%clk 0:01:03]} Rb2 {[%clk 0:00:23]} 39. Rd3 {[%clk 0:00:54]} Kf7
{[%clk 0:00:23]} 40. g4 {[%clk 0:00:45]} a5 {[%clk 0:00:27]} 41. f5
{[%clk 0:00:48]} b5 {[%clk 0:00:30]} 42. Kf4 {[%clk 0:00:56]} a4 {[%clk 0:00:30]}
43. bxa4 {[%clk 0:01:01]} bxa4 {[%clk 0:00:39]} 44. Rd7+ {[%clk 0:01:07]} Kf6
{[%clk 0:00:15]} 45. Rd6+ {[%clk 0:01:16]} Ke7 {[%clk 0:00:17]} 46. Ra6
{[%clk 0:01:15]} Rb4+ {[%clk 0:00:25]} 47. Ke5 {[%clk 0:01:02]} Rb5+
{[%clk 0:00:34]} 48. Kf4 {[%clk 0:00:49]} Rb4+ {[%clk 0:00:37]} 49. Ke5
{[%clk 0:00:58]} Rb5+ {[%clk 0:00:44]} 50. Kf4 {[%clk 0:01:07]} Rb4+
{[%clk 0:00:37]} 51. Ke5 {[%clk 0:01:17]} Rb5+ {[%clk 0:00:45]} 52. Kf4
{[%clk 0:01:26]} Rb4+ {[%clk 0:00:46]} 1/2-1/2

[Event "Russian Rapid Championship (w)"]
[Site "Sochi"]
[Date "2022.10.15"]
[Round "4.1"]
[White "Vasilevich, Tatjana"]
[Black "Girya, Olga"]
[Result "0-1"]
[BlackElo "2298"]
[WhiteElo "2226"]
[LiveChessVersion "1.4.8"]

1. d4 {[%clk 0:15:19]} Nf6 {[%clk 0:15:19]} 2. Nf3 {[%clk 0:15:28]} d5
{[%clk 0:15:27]} 3. Bf4 {[%clk 0:15:29]} c5 {[%clk 0:15:36]} 4. c3
{[%clk 0:15:29]} Nc6 {[%clk 0:15:35]} 5. e3 {[%clk 0:15:27]} Qb6 {[%clk 0:15:16]}
6. Qc2 {[%clk 0:15:01]} Nh5 {[%clk 0:14:56]} 7. Bg5 {[%clk 0:14:54]} h6
{[%clk 0:14:54]} 8. Bh4 {[%clk 0:15:02]} g5 {[%clk 0:14:56]} 9. Bg3
{[%clk 0:15:04]} Nxg3 {[%clk 0:14:56]} 10. hxg3 {[%clk 0:15:12]} Bg7
{[%clk 0:14:46]} 11. Nbd2 {[%clk 0:14:29]} cxd4 {[%clk 0:14:17]} 12. exd4
{[%clk 0:14:22]} Bd7 {[%clk 0:12:51]} 13. Nb3 {[%clk 0:12:15]} O-O-O
{[%clk 0:11:36]} 14. Nc5 {[%clk 0:11:12]} Kb8 {[%clk 0:11:45]} 15. Nxd7+ Rxd7 16.
O-O-O {[%clk 0:08:47]} Rc7 {[%clk 0:10:57]} 17. Kb1 {[%clk 0:08:52]} g4
{[%clk 0:10:19]} 18. Ne5 {[%clk 0:07:05]} Nxe5 {[%clk 0:09:18]} 19. dxe5
{[%clk 0:07:09]} Bxe5 {[%clk 0:09:22]} 20. Rxd5 {[%clk 0:06:07]} Rxc3
{[%clk 0:06:34]} 21. Qf5 {[%clk 0:03:01]} Rc1+ {[%clk 0:04:09]} 22. Kxc1
{[%clk 0:03:09]} Qc6+ {[%clk 0:04:02]} 23. Kb1 {[%clk 0:01:57]} Qxd5
{[%clk 0:04:10]} 24. Qxg4 {[%clk 0:01:30]} Rc8 {[%clk 0:03:44]} 25. Qe2
{[%clk 0:01:05]} Rd8 {[%clk 0:01:37]} 26. a3 {[%clk 0:00:39]} Bf6
{[%clk 0:01:15]} 27. Qc4 {[%clk 0:00:17]} Qd1+ {[%clk 0:00:40]} 28. Qc1
{[%clk 0:00:17]} Rd2 {[%clk 0:00:22]} 29. Qxd1 {[%clk 0:00:20]} Rxd1+
{[%clk 0:00:31]} 30. Kc2 {[%clk 0:00:29]} Ra1 {[%clk 0:00:40]} 31. g4
{[%clk 0:00:19]} Ra2 {[%clk 0:00:47]} 32. Rxh6 {[%clk 0:00:15]} Rxb2+
{[%clk 0:00:55]} 33. Kd3 {[%clk 0:00:22]} Rxf2 {[%clk 0:01:01]} 34. Be2
{[%clk 0:00:28]} Rxg2 {[%clk 0:01:07]} 35. Rh7 {[%clk 0:00:26]} Rg3+
{[%clk 0:01:08]} 36. Ke4 {[%clk 0:00:35]} Rxa3 {[%clk 0:00:53]} 37. Rxf7
{[%clk 0:00:39]} a5 {[%clk 0:00:46]} 38. Kf5 {[%clk 0:00:38]} Re3
{[%clk 0:00:40]} 39. Bc4 {[%clk 0:00:21]} b5 {[%clk 0:00:43]} 40. Ba2
{[%clk 0:00:13]} Re2 {[%clk 0:00:44]} 41. Bb1 {[%clk 0:00:17]} a4
{[%clk 0:00:24]} 42. Bd3 {[%clk 0:00:17]} Re5+ {[%clk 0:00:24]} 43. Kf4
{[%clk 0:00:21]} a3 {[%clk 0:00:27]} 44. Rf8+ {[%clk 0:00:17]} Ka7
{[%clk 0:00:33]} 45. Rc8 {[%clk 0:00:21]} a2 {[%clk 0:00:35]} 46. Rc1
{[%clk 0:00:27]} Rd5 {[%clk 0:00:39]} 47. Be4 {[%clk 0:00:28]} Bg5+
{[%clk 0:00:44]} 0-1

[Event "Russian Rapid Championship (w)"]
[Site "Sochi"]
[Date "2022.10.15"]
[Round "4.2"]
[White "Voit, Daria"]
[Black "Lysenko, Margarita"]
[Result "1/2-1/2"]
[BlackElo "2204"]
[WhiteElo "2297"]
[LiveChessVersion "1.4.8"]

1. d4 {[%clk 0:15:17]} Nf6 {[%clk 0:15:18]} 2. c4 {[%clk 0:15:26]} e6
{[%clk 0:15:27]} 3. Nf3 {[%clk 0:15:34]} d5 {[%clk 0:15:30]} 4. g3
{[%clk 0:15:42]} Be7 {[%clk 0:15:37]} 5. Bg2 {[%clk 0:15:49]} O-O
{[%clk 0:15:44]} 6. O-O {[%clk 0:15:56]} dxc4 {[%clk 0:15:36]} 7. Qc2
{[%clk 0:16:05]} c6 {[%clk 0:15:29]} 8. Qxc4 {[%clk 0:15:48]} b5 {[%clk 0:15:37]}
9. Qc2 {[%clk 0:15:50]} Bb7 {[%clk 0:15:45]} 10. Bg5 {[%clk 0:15:57]} Nbd7
{[%clk 0:15:41]} 11. Nbd2 {[%clk 0:15:52]} c5 {[%clk 0:13:29]} 12. Bxf6
{[%clk 0:15:56]} gxf6 {[%clk 0:10:48]} 13. dxc5 {[%clk 0:14:45]} Nxc5
{[%clk 0:10:25]} 14. b4 {[%clk 0:14:30]} Na6 {[%clk 0:07:34]} 15. a3
{[%clk 0:14:30]} Rc8 {[%clk 0:07:39]} 16. Qb2 {[%clk 0:14:26]} Qb6
{[%clk 0:07:36]} 17. Rac1 {[%clk 0:13:59]} Nb8 {[%clk 0:06:57]} 18. Nb3
{[%clk 0:13:45]} Bd5 {[%clk 0:06:43]} 19. Nfd4 {[%clk 0:13:14]} Bxg2
{[%clk 0:06:34]} 20. Kxg2 {[%clk 0:13:22]} Nd7 {[%clk 0:04:52]} 21. Rxc8
{[%clk 0:13:08]} Rxc8 {[%clk 0:05:00]} 22. Rc1 {[%clk 0:13:17]} Qb7+
{[%clk 0:04:12]} 23. Kg1 {[%clk 0:12:05]} a6 {[%clk 0:04:12]} 24. Na5
{[%clk 0:12:05]} Rxc1+ {[%clk 0:04:11]} 25. Qxc1 {[%clk 0:12:13]} Qe4
{[%clk 0:02:56]} 26. Qc8+ {[%clk 0:11:43]} Nf8 {[%clk 0:03:02]} 27. Nac6
{[%clk 0:11:05]} Bd6 {[%clk 0:02:58]} 28. Qxa6 {[%clk 0:05:24]} e5
{[%clk 0:02:45]} 29. Nxb5 {[%clk 0:05:21]} Qb1+ {[%clk 0:02:24]} 30. Kg2
{[%clk 0:05:25]} Qe4+ {[%clk 0:02:31]} 31. Kh3 {[%clk 0:05:05]} Qxe2
{[%clk 0:02:01]} 32. Qb7 {[%clk 0:04:54]} Qf1+ {[%clk 0:01:26]} 33. Kg4
{[%clk 0:05:02]} Qe2+ {[%clk 0:00:52]} 34. f3 {[%clk 0:03:50]} Qc4+
{[%clk 0:00:32]} 35. Kh5 {[%clk 0:03:08]} Qe6 {[%clk 0:00:18]} 36. g4
{[%clk 0:03:08]} f5 {[%clk 0:00:14]} 37. Nxd6 {[%clk 0:03:15]} Qg6+
{[%clk 0:00:14]} 38. Kh4 {[%clk 0:03:24]} Qh6+ {[%clk 0:00:22]} 39. Kg3
{[%clk 0:03:30]} Qf4+ {[%clk 0:00:29]} 40. Kg2 {[%clk 0:03:02]} Qd2+
{[%clk 0:00:34]} 41. Kg3 {[%clk 0:02:56]} Qf4+ {[%clk 0:00:34]} 42. Kg2
{[%clk 0:03:04]} Qd2+ {[%clk 0:00:42]} 1/2-1/2

[Event "Russian Rapid Championship (w)"]
[Site "Sochi"]
[Date "2022.10.15"]
[Round "4.3"]
[White "Potapova, Margarita"]
[Black "Bodnaruk, Anastasia"]
[Result "1/2-1/2"]
[BlackElo "2278"]
[WhiteElo "2143"]
[LiveChessVersion "1.4.8"]

1. d4 {[%clk 0:15:18]} Nf6 {[%clk 0:15:20]} 2. c4 {[%clk 0:15:27]} g6
{[%clk 0:15:29]} 3. Nc3 {[%clk 0:15:36]} Bg7 {[%clk 0:15:38]} 4. e4
{[%clk 0:15:44]} d6 {[%clk 0:15:48]} 5. h3 {[%clk 0:15:52]} O-O {[%clk 0:15:57]}
6. Be3 {[%clk 0:16:00]} c6 {[%clk 0:15:40]} 7. Nf3 {[%clk 0:14:21]} Na6
{[%clk 0:15:28]} 8. e5 {[%clk 0:13:32]} dxe5 {[%clk 0:14:30]} 9. Nxe5
{[%clk 0:12:37]} Nd7 {[%clk 0:14:29]} 10. Nf3 {[%clk 0:12:33]} e5
{[%clk 0:12:56]} 11. Be2 {[%clk 0:12:36]} exd4 {[%clk 0:11:52]} 12. Bxd4
{[%clk 0:12:24]} Nf6 {[%clk 0:12:00]} 13. O-O {[%clk 0:12:22]} Re8
{[%clk 0:11:31]} 14. Re1 {[%clk 0:12:17]} Nc7 {[%clk 0:10:55]} 15. Be5
{[%clk 0:11:17]} Ne6 {[%clk 0:10:21]} 16. Qxd8 {[%clk 0:11:15]} Rxd8
{[%clk 0:10:06]} 17. Rad1 {[%clk 0:11:23]} Bd7 {[%clk 0:09:39]} 18. Bd6
{[%clk 0:11:00]} Bf8 {[%clk 0:09:08]} 19. Be5 {[%clk 0:09:02]} Bg7
{[%clk 0:09:11]} 20. Bd6 {[%clk 0:08:14]} Bf8 {[%clk 0:09:19]} 21. Be5
{[%clk 0:08:23]} Bg7 {[%clk 0:09:28]} 22. Bd6 {[%clk 0:08:16]} Bf8
{[%clk 0:09:35]} 1/2-1/2

[Event "Russian Rapid Championship (w)"]
[Site "Sochi"]
[Date "2022.10.15"]
[Round "4.4"]
[White "Loskutova, Viktoriya"]
[Black "Kovalevskaya, Ekaterina"]
[Result "0-1"]
[BlackElo "2257"]
[WhiteElo "2027"]
[LiveChessVersion "1.4.8"]

1. e4 {[%clk 0:15:19]} c5 {[%clk 0:15:18]} 2. Nf3 {[%clk 0:15:27]} Nc6
{[%clk 0:15:26]} 3. Bb5 {[%clk 0:15:36]} d6 {[%clk 0:15:27]} 4. O-O
{[%clk 0:15:42]} Bd7 {[%clk 0:15:27]} 5. Re1 {[%clk 0:15:44]} Nf6
{[%clk 0:15:31]} 6. c3 {[%clk 0:15:47]} a6 {[%clk 0:15:39]} 7. Bf1
{[%clk 0:15:48]} Bg4 {[%clk 0:15:32]} 8. h3 {[%clk 0:15:43]} Bxf3
{[%clk 0:15:37]} 9. Qxf3 {[%clk 0:15:50]} g6 {[%clk 0:15:40]} 10. Qd1
{[%clk 0:14:43]} Bh6 {[%clk 0:15:39]} 11. b3 {[%clk 0:13:42]} O-O
{[%clk 0:15:29]} 12. Bb2 {[%clk 0:13:44]} e5 {[%clk 0:15:18]} 13. c4
{[%clk 0:11:04]} Nd4 {[%clk 0:13:34]} 14. Nc3 {[%clk 0:09:12]} Rb8
{[%clk 0:13:32]} 15. Nd5 {[%clk 0:08:08]} Nxd5 {[%clk 0:13:20]} 16. Bxd4
{[%clk 0:06:45]} cxd4 {[%clk 0:12:21]} 17. exd5 {[%clk 0:05:41]} f5
{[%clk 0:09:51]} 18. d3 {[%clk 0:05:14]} Qf6 {[%clk 0:09:43]} 19. a3
{[%clk 0:03:02]} Rbe8 {[%clk 0:07:57]} 20. b4 {[%clk 0:02:10]} e4
{[%clk 0:07:55]} 21. Kh1 {[%clk 0:00:53]} e3 {[%clk 0:04:58]} 22. Qf3
{[%clk 0:01:01]} exf2 {[%clk 0:04:39]} 23. Rxe8 {[%clk 0:00:59]} Rxe8
{[%clk 0:04:48]} 24. Qxf2 {[%clk 0:01:07]} Re3 {[%clk 0:01:12]} 25. c5
{[%clk 0:00:29]} Qe5 {[%clk 0:00:37]} 26. Qa2 {[%clk 0:00:18]} Qg3
{[%clk 0:00:25]} 27. c6 {[%clk 0:00:17]} Bf4 {[%clk 0:00:33]} 0-1

[Event "Russian Rapid Championship (w)"]
[Site "Sochi"]
[Date "2022.10.15"]
[Round "4.5"]
[White "Chernyak, Viktoria"]
[Black "Gunina, Valentina"]
[Result "0-1"]
[BlackElo "2421"]
[WhiteElo "2152"]
[LiveChessVersion "1.4.8"]

1. c4 {[%clk 0:15:19]} c6 {[%clk 0:15:19]} 2. Nf3 {[%clk 0:15:23]} d5
{[%clk 0:15:27]} 3. e3 {[%clk 0:15:28]} Nf6 {[%clk 0:15:34]} 4. b3
{[%clk 0:15:26]} Bg4 {[%clk 0:15:41]} 5. Bb2 {[%clk 0:15:25]} e6 {[%clk 0:15:48]}
6. Nc3 {[%clk 0:14:41]} Nbd7 {[%clk 0:15:55]} 7. d4 {[%clk 0:14:31]} Ne4
{[%clk 0:15:39]} 8. Qc2 {[%clk 0:13:34]} Bb4 {[%clk 0:15:32]} 9. Nd2
{[%clk 0:13:23]} Nxd2 {[%clk 0:14:59]} 10. Qxd2 {[%clk 0:13:30]} O-O
{[%clk 0:15:04]} 11. h3 {[%clk 0:12:29]} Bf5 {[%clk 0:15:11]} 12. a3
{[%clk 0:12:37]} Bxc3 {[%clk 0:15:15]} 13. Bxc3 {[%clk 0:11:33]} Nf6
{[%clk 0:15:23]} 14. f3 {[%clk 0:11:03]} Qc7 {[%clk 0:15:31]} 15. g4
{[%clk 0:10:22]} Bg6 {[%clk 0:15:28]} 16. Kf2 {[%clk 0:09:13]} Rad8
{[%clk 0:15:23]} 17. Kg2 {[%clk 0:09:13]} Rfe8 {[%clk 0:15:04]} 18. a4
{[%clk 0:08:31]} e5 {[%clk 0:14:53]} 19. Qf2 {[%clk 0:08:15]} exd4
{[%clk 0:14:30]} 20. Bxd4 {[%clk 0:08:15]} Qe7 {[%clk 0:14:22]} 21. Rc1
{[%clk 0:06:45]} c5 {[%clk 0:14:22]} 22. Bxf6 {[%clk 0:06:38]} Qxf6
{[%clk 0:14:30]} 23. cxd5 {[%clk 0:06:46]} Rxd5 {[%clk 0:14:10]} 24. Bc4
{[%clk 0:06:47]} Rde5 {[%clk 0:14:18]} 25. Rhe1 {[%clk 0:06:46]} h5
{[%clk 0:14:26]} 26. Rcd1 {[%clk 0:06:35]} hxg4 {[%clk 0:14:22]} 27. hxg4
{[%clk 0:06:38]} Rg5 {[%clk 0:14:19]} 28. Qg3 {[%clk 0:06:11]} a6
{[%clk 0:12:22]} 29. Rd7 {[%clk 0:05:14]} b5 {[%clk 0:12:17]} 30. axb5
{[%clk 0:04:49]} axb5 {[%clk 0:12:26]} 31. Bxb5 {[%clk 0:04:50]} Qb2+
{[%clk 0:12:33]} 32. Re2 {[%clk 0:04:40]} Qxb3 {[%clk 0:12:39]} 33. Rb7
{[%clk 0:04:42]} Bd3 {[%clk 0:12:14]} 34. Bxe8 {[%clk 0:03:54]} Qxb7
{[%clk 0:12:21]} 35. Ra2 {[%clk 0:03:42]} f5 {[%clk 0:11:53]} 36. Qf4
{[%clk 0:03:19]} Rxg4+ {[%clk 0:11:57]} 0-1

[Event "Russian Rapid Championship (w)"]
[Site "Sochi"]
[Date "2022.10.15"]
[Round "4.6"]
[White "Shuvalova, Polina"]
[Black "Kleymenova, Valeria"]
[Result "1-0"]
[BlackElo "2041"]
[WhiteElo "2392"]
[LiveChessVersion "1.4.8"]

1. d4 {[%clk 0:15:19]} Nf6 {[%clk 0:15:19]} 2. Nf3 {[%clk 0:15:27]} d5
{[%clk 0:15:28]} 3. Bf4 {[%clk 0:15:35]} c5 {[%clk 0:15:35]} 4. e3
{[%clk 0:15:44]} e6 {[%clk 0:15:42]} 5. Nbd2 {[%clk 0:15:52]} Nc6
{[%clk 0:15:50]} 6. c3 {[%clk 0:16:00]} Bd6 {[%clk 0:15:56]} 7. Bg3
{[%clk 0:16:08]} Qc7 {[%clk 0:15:55]} 8. dxc5 {[%clk 0:16:04]} Bxg3
{[%clk 0:16:03]} 9. hxg3 {[%clk 0:16:12]} a5 {[%clk 0:16:00]} 10. c4
{[%clk 0:15:29]} O-O {[%clk 0:15:25]} 11. Rc1 {[%clk 0:15:20]} Rd8
{[%clk 0:15:25]} 12. cxd5 {[%clk 0:15:18]} exd5 {[%clk 0:15:07]} 13. Bd3
{[%clk 0:14:35]} Bg4 {[%clk 0:15:03]} 14. Qc2 {[%clk 0:14:08]} h6
{[%clk 0:14:49]} 15. a3 {[%clk 0:14:08]} Ne5 {[%clk 0:13:33]} 16. O-O
{[%clk 0:13:32]} Re8 {[%clk 0:12:43]} 17. Rfe1 {[%clk 0:12:53]} Rad8
{[%clk 0:12:10]} 18. Bb5 {[%clk 0:11:51]} Re7 {[%clk 0:12:08]} 19. Nd4
{[%clk 0:11:53]} Ne4 {[%clk 0:10:37]} 20. Nf1 {[%clk 0:11:39]} Bd7
{[%clk 0:08:09]} 21. b4 {[%clk 0:11:21]} axb4 {[%clk 0:07:57]} 22. axb4
{[%clk 0:11:29]} Bxb5 {[%clk 0:07:06]} 23. Nxb5 {[%clk 0:11:37]} Qd7
{[%clk 0:07:07]} 24. Nd4 {[%clk 0:11:41]} Nc4 {[%clk 0:07:03]} 25. Ra1
{[%clk 0:09:41]} Ree8 {[%clk 0:04:27]} 26. Ra7 {[%clk 0:09:20]} Ne5
{[%clk 0:03:58]} 27. f3 {[%clk 0:05:36]} Nf6 {[%clk 0:03:48]} 28. Qf5
{[%clk 0:05:38]} Qc7 {[%clk 0:02:27]} 29. g4 {[%clk 0:02:33]} Nc6
{[%clk 0:01:44]} 30. Nxc6 {[%clk 0:02:40]} Qxc6 {[%clk 0:01:52]} 31. Rd1
{[%clk 0:02:42]} Ra8 {[%clk 0:01:19]} 32. Rxa8 {[%clk 0:02:30]} Rxa8
{[%clk 0:01:28]} 33. g5 {[%clk 0:02:36]} hxg5 {[%clk 0:01:27]} 34. Qxg5
{[%clk 0:02:43]} Ra4 {[%clk 0:00:24]} 35. Ng3 {[%clk 0:02:36]} Qe6
{[%clk 0:00:24]} 36. Nf5 {[%clk 0:02:21]} g6 {[%clk 0:00:30]} 37. Nd4
{[%clk 0:02:25]} Qe7 {[%clk 0:00:27]} 38. b5 {[%clk 0:01:49]} Ra3
{[%clk 0:00:33]} 39. Re1 {[%clk 0:01:20]} Rd3 {[%clk 0:00:29]} 40. Kf1
{[%clk 0:00:59]} Rc3 {[%clk 0:00:15]} 41. c6 {[%clk 0:01:04]} bxc6
{[%clk 0:00:24]} 42. bxc6 {[%clk 0:01:12]} Kf8 {[%clk 0:00:21]} 43. Qh6+
{[%clk 0:01:04]} Kg8 {[%clk 0:00:29]} 44. Qg5 {[%clk 0:01:03]} Kf8 45. Ra1
{[%clk 0:00:43]} Rxe3 {[%clk 0:00:21]} 46. Ra8+ {[%clk 0:00:37]} Ne8
{[%clk 0:00:30]} 47. Qxe7+ {[%clk 0:00:33]} Kxe7 {[%clk 0:00:35]} 48. Nb5
{[%clk 0:00:39]} Rb3 {[%clk 0:00:12]} 49. c7 {[%clk 0:00:41]} Nxc7 50. Nxc7
{[%clk 0:00:49]} Kd6 {[%clk 0:00:20]} 51. Ne8+ Ke5 {[%clk 0:00:19]} 52. Ra2
{[%clk 0:00:50]} d4 53. Re2+ {[%clk 0:00:55]} Kd5 {[%clk 0:00:24]} 54. Nf6+
{[%clk 0:00:47]} Kc4 {[%clk 0:00:32]} 55. Ne4 {[%clk 0:00:56]} Rb6
{[%clk 0:00:24]} 56. Rc2+ {[%clk 0:00:18]} Kd3 {[%clk 0:00:27]} 57. Rd2+
{[%clk 0:00:26]} Ke3 {[%clk 0:00:33]} 58. Re2+ {[%clk 0:00:33]} Kd3
{[%clk 0:00:40]} 59. Kf2 {[%clk 0:00:37]} f5 {[%clk 0:00:31]} 60. Nc5+
{[%clk 0:00:40]} Kc4 {[%clk 0:00:41]} 61. Rc2+ {[%clk 0:00:47]} Kd5
{[%clk 0:00:31]} 62. Nd3 {[%clk 0:00:56]} g5 {[%clk 0:00:32]} 63. Rc5+
{[%clk 0:00:45]} Ke6 {[%clk 0:00:40]} 64. Re5+ {[%clk 0:00:50]} Kf6
{[%clk 0:00:49]} 65. Rd5 {[%clk 0:00:58]} 1-0